Louisiana-Lafayette Alumni - Statistics

General Stats
  • This quiz has been taken 6 times
  • The average score is 4 of 5
Answer Stats
Hint Answer % Correct
Former quarterback who played for the Carolina Panthers and New Orleans Saints Jake Delhomme
100%
Singer, "Lost" "Thinkin Bout You" "White Ferrari" Frank Ocean
80%
Governor of Louisiana since 2024 Jeff Landry
80%
Governor of Louisiana from 2004 to 2008 Kathleen Blanco
80%
Senator of Louisiana from 1987 to 2005 John Breaux
60%
No matching quizzes found
Score Distribution
Percent of People with Each Score
Percentile by Number Answered
Your Score History
You have not taken this quiz